000
00304nam a2200133Ia 4500
082
_a
611
_b
H1986B
100
_a
BAJDAI,R.N.
245
_a
HUMAN OSTEOLOGY
250
_a
1ST
260
_b
JAYPEE MEDICAL PUBLISHER
_a
DARYAGANJ(DELHI)
_c
1986
300
_a
1-203
650
_a
HUMAN OSTEOLOGY
942
_2
ddc
_c
BK
999
_c
2471
_d
2471